| 000 | 00780nam a2200241 a 4500 | ||
|---|---|---|---|
| 001 | 000003943 | ||
| 005 | 20240412074201.0 | ||
| 008 | 090715s2007 pr 000 p spa d | ||
| 020 | _a1932271902 | ||
| 040 |
_aDO-SdBNP _bspa _cBNPHU |
||
| 082 |
_aRD861.44 _bG215d |
||
| 100 | 1 |
_aGarcía Cuevas, Eugenio _910813 |
|
| 245 | 1 | 0 |
_aDescendientes del sonido / _cEugenio García Cuevas ; corrección Lucinda Ausente. |
| 260 |
_aSanto Domingo : _bIsla Negra, _c2007. |
||
| 300 |
_a60 p. ; _c22 cm. |
||
| 490 | 1 | _aFilo de juego | |
| 500 | _aIncluye datos biográficos del autor en la solapa de la cubierta | ||
| 650 | 0 |
_aPoesía dominicana _966 |
|
| 650 | 0 |
_aLiteratura dominicana. _967 |
|
| 700 | 1 |
_aAusente, Lucinda, _ecorr. _911862 |
|
| 830 | 0 |
_aFilo de fuego _97107 |
|
| 049 | _aBNPD | ||
| 999 |
_c3762 _d3762 |
||